Digging around for clean-up technologies (Record no. 74362)

MARC details
000 -LEADER
fixed length control field 01088cam a2200205 4500
001 - CONTROL NUMBER
control field X125795
008 - FIXED-LENGTH DATA ELEMENTS--GENERAL INFORMATION
fixed length control field 040408n2004 000 0 eng u
035 ## - SYSTEM CONTROL NUMBER
System control number (Sirsi) u125796
100 ## - MAIN ENTRY--PERSONAL NAME
Personal name Colyer, E.
245 ## - TITLE STATEMENT
Title Digging around for clean-up technologies
260 ## - PUBLICATION, DISTRIBUTION, ETC.
Date of publication, distribution, etc. 2004
490 ## - SERIES STATEMENT
Series statement Wastes Management
Volume/sequential designation March 2004, 12-13(2)
520 ## - SUMMARY, ETC.
Summary, etc. Investigates clean-up projects which aim to stop polluted water from seeping into local streams from abandoned mines. This form of pollution is the responsibility of the Coal Authority, which usually drains the iron-polluted water into large tanks, where the iron settles on the bottom. Reed beds or bacteria complete the filtering process. Plans are being formulated to recycle the accumulated iron deposits. New projects look at using recycled materials to help clean the polluted water in an effort to promote sustainablity.
650 ## - SUBJECT ADDED ENTRY--TOPICAL TERM
Topical term or geographic name entry element WATER RESOURCES ACT 1991
650 ## - SUBJECT ADDED ENTRY--TOPICAL TERM
Topical term or geographic name entry element WATER POLLUTION
650 ## - SUBJECT ADDED ENTRY--TOPICAL TERM
Topical term or geographic name entry element ABANDONED MINES
650 ## - SUBJECT ADDED ENTRY--TOPICAL TERM
Topical term or geographic name entry element IRON POLLUTION
690 ## - LOCAL SUBJECT ADDED ENTRY--TOPICAL TERM (OCLC, RLIN)
Topical term or geographic name as entry element ENVIRONMENTAL AND LAND CONSULTANCY-WASTE MANAGEMENT
942 ## - ADDED ENTRY ELEMENTS (KOHA)
Suppress in OPAC 0
Holdings
Withdrawn status Lost status Source of classification or shelving scheme Damaged status Not for loan Home library Current library Shelving location Date acquired Total Checkouts Full call number Barcode Date last seen Copy number Price effective from Koha item type
    Dewey Decimal Classification     London London Journal article 08/04/2004   X125796 125796-1001 06/08/2019 1 06/08/2019 Journal article